| 000 | 00428nam a2200181Ia 4500 | ||
|---|---|---|---|
| 008 | 180207s9999 xx 000 0 und d | ||
| 020 | _a9781595662510 | ||
| 050 | _bJ544 2006 | ||
| 100 | _aJennings, Terry | ||
| 245 | _aCamouflage / | ||
| 245 | _cby Terry Jennings. | ||
| 260 | _aNew York : | ||
| 260 | _bQEB Publishing, | ||
| 260 | _c2006 | ||
| 300 | _a24 pages : | ||
| 300 | _bcolor illustration ; | ||
| 300 | _c21cm. | ||
| 999 |
_c355515 _d355515 |
||